01345nam a2200301 a 4500001001000000003000900010005001700019008004100036040002500077082002700102100004000129245007100169250002200240260004600262300002100308590002700329650002600356650002400382650001300406700003500419910003800454942001400492952013600506952013600642952012100778952012700899999001701026000026417DO-SdBNP20260508134417.0110317s1995 dr 001 0 spa d aDO-SdBNPbspacBNPHU 4a248.5bT183J, 19952221 aTardif, Emiliano,d1928-199993503010aJesús es el mesías /cEmiliano Tardif, José H. Prado Flores. aQuinta edición  aSanto Domingo :bEdiciones M.S.C.,c1995. a160 p. ;c21 cm. aInventariado, 2018/ YL 4aEvangelización9476 7aVida cristiana9668 0aFe910241 aPrado Flores, José H.910971 aValidado. Control de calidad. EMS 2ddccLBS1 001054708DSaGRbGRcHDd2011-03-31iLF1l0o248.5 T173j, 1995p26417-30r2020-06-25te. 3w2020-06-25yLFDSZPréstamo en sala 001054708DSaGRbGRcHDd2011-04-08iLF1l0o248.5 T173j, 1995p26417-40r2020-06-25te. 4w2020-06-25yLFDSZPréstamo en sala 0010718PDaPDbPDcHDd2011-03-17iLF1l0o248.5 T173j, 1995p26417-10r2020-06-25w2020-06-25yLFPDZNo se presta 0010718PDaPDbPDcHDd2011-03-17iLF1l0o248.5 T173j, 1995p26417-20r2020-06-25te. 2w2020-06-25yLFPDZNo se presta c25909d25909